La cassation en matière civile

Salvato in:
Dettagli Bibliografici
Autori principali: Boré, Jacques (Autore), Boré, Louis (Autore)
Natura: Libro
Lingua:francese
Pubblicazione: París Dalloz 2015
Edizione:5a. ed
Serie:Dalloz Action
Soggetti:
Tags: Aggiungi Tag
Nessun Tag, puoi essere il primo ad aggiungerne!!

MARC

LEADER 00000cam a2200000 a 4500
001 UCC5747
003 CL-VaPUC
008 181026e20150000fr |||||||||||||||||fre|d
020 |a 9782247118359 
082 0 4 |a 347.077  |b BOR  |2 21 
100 0 |a Boré, Jacques  |e author  |9 600084 
700 0 |a Boré, Louis  |e author  |9 600085 
245 1 3 |a La cassation en matière civile 
250 |a 5a. ed 
300 |a 793 p 
942 |c BK 
945 |d 20181026 16:22:00  |a dcastane 
260 |a París  |b Dalloz  |c 2015 
650 0 |a Recurso de casación  |9 258890 
650 0 |a Derecho civil francés  |9 395571 
583 |a last modification  |c 20181026 16:22:00  |k Rodrigo Vera 
490 0 |a Dalloz Action 
999 |c 372861  |d 372859 
952 |0 0  |1 0  |3 erb  |4 0  |6 347_077000000000000_BOR_2015  |7 0  |8 A  |9 490723  |a BIBDER  |b BIBDER  |i 5509440  |o 347.077 BOR 2015  |p 5509440  |r 2023-01-25  |w 2019-11-24  |y BK  |z Catalogado en:20181026  |k DER